Culture Générale - Série 2065 - Statistiques

Statistiques générales
  • Ce quiz a été pris 104 fois
  • Le résultat moyen est 6 sur 10
Statistiques - réponses
Question Réponse % Correct
Sur quelle ville japonaise a été lancée, le 9 août 1945, la 2e bombe atomique ? Nagasaki
93%
En novembre 1980, quel chansonnier et comédien annonça sa candidature à l'élection présidentielle ? Coluche
88%
Quelle est la capitale de l'Estonie ? Tallinn
79%
Quelle est la capitale du Honduras ? Tegucigalpa
70%
Quel Président américain a ordonné le largage des 2 bombes atomatiques sur le Japon en août 1945 ? voir photo Harry Truman
63%
De quel pays Thimphou est-elle la capitale ? Bhoutan
60%
Quel coureur cycliste italien a été vainqueur du Tour de France en 1949 et 1952 ? Fausto Coppi
39%
Sous quel nom de scène connaissait-on Rosemarie Magdalena Albach (1938-1982) ? Romy Schneider
33%
Quel architecte a édifié le siège du P.C.F. À Paris et les principaux monuments de Brasilia ? Oscar Niemeyer
32%
Qui a réalisé "La piscine" en 1968 ? Jacques Deray
17%
Aucun quiz correspondant
Distribution des résultats
% des personnes avec chaque résultat
Percentile par nombre de réponses
Votre historique - résultats
Vous n’avez pas pris ce quiz